Building and enhancing new literacies across the curriculum / (Record no. 17254)
[ view plain ]
| 000 -LEADER | |
|---|---|
| fixed length control field | 00853nam a2200229 4500 |
| 005 - DATE AND TIME OF LATEST TRANSACTION | |
| control field | 20241114103918.0 |
| 008 - FIXED-LENGTH DATA ELEMENTS--GENERAL INFORMATION | |
| fixed length control field | 220906b ||||| |||| 00| 0 eng d |
| 020 ## - INTERNATIONAL STANDARD BOOK NUMBER | |
| International Standard Book Number | 9789718218501 |
| 082 ## - DEWEY DECIMAL CLASSIFICATION NUMBER | |
| Classification number | DFil 375.001 B868 2019 |
| 100 ## - MAIN ENTRY--PERSONAL NAME | |
| Personal name | Abao, Ethel L. |
| 9 (RLIN) | 45887 |
| 245 ## - TITLE STATEMENT | |
| Title | Building and enhancing new literacies across the curriculum / |
| Statement of responsibility, etc. | Ethel L. Abao and four others. |
| 260 ## - PUBLICATION, DISTRIBUTION, ETC. (IMPRINT) | |
| Place of publication, distribution, etc. | Malabon City : |
| Name of publisher, distributor, etc. | Mutya Publishing inc., |
| Date of publication, distribution, etc. | ©2019. |
| 300 ## - PHYSICAL DESCRIPTION | |
| Extent | 161 pages : |
| Other physical details | illustrations ; |
| Dimensions | 25 cm. |
| 500 ## - GENERAL NOTE | |
| General note | Includes bibliographical references.<br/> |
| 650 ## - SUBJECT ADDED ENTRY--TOPICAL TERM | |
| Topical term or geographic name as entry element | Curriculum planning. |
| 9 (RLIN) | 45888 |
| 650 ## - SUBJECT ADDED ENTRY--TOPICAL TERM | |
| Topical term or geographic name as entry element | Curriculum development. |
| 9 (RLIN) | 45889 |
| 700 ## - ADDED ENTRY--PERSONAL NAME | |
| Personal name | Alda, Rivika C. |
| Relator term | author. |
| 9 (RLIN) | 45890 |
| 700 ## - ADDED ENTRY--PERSONAL NAME | |
| Personal name | Bacus, Remedios C. |
| Relator term | author. |
| 9 (RLIN) | 45832 |
| 700 ## - ADDED ENTRY--PERSONAL NAME | |
| Personal name | Dayagbil, Filomena T. |
| Relator term | author. |
| 9 (RLIN) | 45891 |
| 700 ## - ADDED ENTRY--PERSONAL NAME | |
| Personal name | Mananay, Alberto A., Jr. |
| Relator term | author. |
| 9 (RLIN) | 45892 |
| 942 ## - ADDED ENTRY ELEMENTS (KOHA) | |
| Source of classification or shelving scheme | Dewey Decimal Classification |
| Koha item type | Filipiniana |
| Withdrawn status | Lost status | Source of classification or shelving scheme | Damaged status | Not for loan | Collection code | Home library | Current library | Shelving location | Date acquired | Source of acquisition | Cost, normal purchase price | Total Checkouts | Full call number | Barcode | Date last seen | Date last checked out | Price effective from | Koha item type |
|---|---|---|---|---|---|---|---|---|---|---|---|---|---|---|---|---|---|---|
| Dewey Decimal Classification | Filipiniana | UM Digos College - LIC | UM Digos College - LIC | Book Cart | 08/16/2022 | Purchased | 472.00 | 2 | DFil 375.001 B868 2019 | 27234 | 05/15/2025 | 11/10/2023 | 09/06/2022 | Filipiniana |
